Počtovnica pre 4. ročník základnej deväťročnej školy

Podrobná bibliografia
Hlavní autori: Kurfürst, Josef, 1907-1978 (Autor), Čejka, Jan (Autor)
Ďalší autori: Foll, Dobroslav, 1922-1981 (Ilustrátor), Strýčková, Lujza (Prekladateľ)
Médium: Kniha
Jazyk:slovenčina
čeština
Fyzický popis:206, [2] s. 8°
Vydavateľské údaje: Bratislava Slovenské pedagogické nakladateľstvo 1968
Vydanie:4. nezm. vyd.
Predmet:

MARC

LEADER 00000nam a2200000 a 4500
001 vtls008323811
003 SK-MaSNL
005 20260302074322.0
008 230403s1968 xo slo
015 |a SNBA1968/04-00717 
035 |a SK01SNK19680016028 
035 |a urn:nbn:sk:snk-am3h4be 
035 |a urn:nbn:sk:snk-am00cmwp 
035 |a B479F17D-D213-4FE2-8BB0-E13372D180F3 
035 |a SKM000018491 
040 |a SNK  |b slo  |c SNK  |e AACR2 
041 1 |a slo  |h cze 
044 |a xo  |c SK 
080 |a 372.47(075.2)  |2 1981 
100 1 |a Kurfürst, Josef,  |d 1907-1978  |4 aut  |9 179704 
240 1 0 |a Počtovnice pro 4. ročník ZDŠ  |l Slovensky 
245 1 0 |a Počtovnica pre 4. ročník základnej deväťročnej školy  |c sprac. Josef Kurfürst a Jan Čejka ; (z čes. orig. Počtovnice pro 4. ročník ZDŠ) prel. Lujza Strýčková ; ilustr. Dobroslav Foll 
250 |a 4. nezm. vyd. 
260 |a Bratislava  |b Slovenské pedagogické nakladateľstvo  |c 1968  |e Košice  |f Východoslovenské tlačiarne 
300 |a 206, [2] s.  |c 8° 
500 |a Tb. Grafy. Tit. kresba 
563 |a 35150 výtl. 
650 0 7 |a matematika  |x učebnice zákl. škôl (4. roč.)  |2 SNK  |9 283844 
655 7 |a učebnice  |2 SNKPH  |9 22521 
700 1 |a Čejka, Jan  |4 aut  |9 341971 
700 1 |a Foll, Dobroslav,  |d 1922-1981  |4 ill  |9 134157 
700 1 |a Strýčková, Lujza  |4 trl  |9 341973 
852 |a Slovenská národná knižnica 
919 |a viaz. 
954 |a odborná, vedecká literatúra cudzojazyčná (svetová)  |2 lita 
958 |a OND 
958 |a TL 
958 |a CZ 
958 |a OP 
958 |a UX 
958 |a RK 
958 |a EUIPO 
999 |c 1164574  |d 1166504 
952 |a SNK  |b SNK  |y VYP  |7 0  |p 17A0693108  |o snkSD 32912 D1  |i snkKSP 2638/68  |0 0  |1 0  |4 0  |d 2011-03-01  |l 0  |r 2026-02-24 20:45:01  |w 2026-02-24 
952 |a SNK  |b SNK  |y PREZ  |7 0  |p 17A0848021  |o snkSD 32912  |0 0  |1 0  |4 0  |d 2013-08-08  |f 1  |l 0  |r 2026-02-24 20:45:01  |w 2026-02-24